000 00794nam a2200253 a 4500
001 BRL_538
005 20190320210805.0
008 020913s1957----mx-a######---#000-0#spa-#
041 _aspa
_hger
044 _amx
050 4 _aF1219.3.A7
_b.W47 1957
100 1 _aWestheim, Paul
_96016
245 1 0 _aIdeas fundamentales del arte prehispánico en México
_cPaul Westheim ; tr. Mariana Frenk.
260 _aMéxico
_bFondo de Cultura Económica
_c1957
300 _a285 p.
_bil. algunas a color
_c25 cm.
500 _aAu619
500 _aIncluye dedicatoria a Ruth Lechuga.
650 1 4 _aArte indígena
_zMéxico
_9597
650 1 4 _aIndígenas de México
_xAntigüedades
_9509
651 4 _aMéxico
_xAntigüedades
_92765
700 1 _aFrenk, Mariana
_924241
902 _aGRL
942 _2lcc
_cB
999 _c9350
_d9350